PIERRE CHARDIN et alii, La Tentation théâtrale des romanciers. Sedes/ VUEF, 2002, coll. Questions de littérature. Un vol. de 167 p. ISBN 2-7181-9444-8. (notice n° 1653726)
[ vue normale ]
| 000 -LEADER | |
|---|---|
| fixed length control field | 01807cam a2200157 4500500 |
| 005 - DATE AND TIME OF LATEST TRANSACTION | |
| control field | 20260208005758.0 |
| 041 ## - LANGUAGE CODE | |
| Language code of text/sound track or separate title | fre |
| 042 ## - AUTHENTICATION CODE | |
| Authentication code | dc |
| 100 10 - MAIN ENTRY--PERSONAL NAME | |
| Personal name | Jouanny, Sylvie |
| Relator term | author |
| 245 00 - TITLE STATEMENT | |
| Title | PIERRE CHARDIN et alii, La Tentation théâtrale des romanciers. Sedes/ VUEF, 2002, coll. Questions de littérature. Un vol. de 167 p. ISBN 2-7181-9444-8. |
| 260 ## - PUBLICATION, DISTRIBUTION, ETC. | |
| Date of publication, distribution, etc. | 2004.<br/> |
| 500 ## - GENERAL NOTE | |
| General note | 69 |
| 520 ## - SUMMARY, ETC. | |
| Summary, etc. | Dans la génération de 1830, André Imberdis est certainement l’un des romanciers les moins connus. Sa production, discontinue, paraît se réduire à deux titres : L’Habit d’Arlequin (1832) et Le Dernier jour d’un suicide (1835). Mais ces deux œuvres sont emblématiques de ce que l’on pourrait appeler « l’esprit » de 1830 dont l’écho se fait entendre bien au-delà des frontières de l’événement. Imberdis appartient à ce type d’écrivains républicains dont l’œuvre intègre ouvertement les revendications de la satire contemporaine dans ce qu’elle a de plus fulminant. Cet admirateur de Barbier, ce sectateur de Lamennais dénonce à travers ses œuvres maladives, sur le mode de l’imprécation, les tares de la Monarchie de Juillet qu’il présente comme un véritable rapt des aspirations populaires. Mais, plus largement, c’est l’ensemble du mythe de la société révolutionnée, prétendument fondée sur l’égalité et la justice, qu’il renverse dans sa passion forcenée dont les teintes violentes font penser à un certain type d’écriture, celle des « Jeune-France » et de Pétrus Borel, en particulier. |
| 786 0# - DATA SOURCE ENTRY | |
| Note | Revue d'histoire littéraire de la France | 104 | 2 | 2004-03-01 | p. 495g-504g | 0035-2411 |
| 856 41 - ELECTRONIC LOCATION AND ACCESS | |
| Uniform Resource Identifier | <a href="https://shs.cairn.info/revue-d-histoire-litteraire-de-la-france-2004-2-page-495g?lang=fr&redirect-ssocas=7080">https://shs.cairn.info/revue-d-histoire-litteraire-de-la-france-2004-2-page-495g?lang=fr&redirect-ssocas=7080</a> |
Pas d'exemplaire disponible.




Réseaux sociaux